|
|
|
|
| LEADER |
00000nab a2200000 ar4500 |
| 001 |
vtls008987675 |
| 003 |
SK-MaSNL |
| 005 |
20260303225000.0 |
| 008 |
070510c20070426xo dr|p|||||||000 b|slo |
| 015 |
|
|
|a SNBRB2007/05
|2 snkbucl
|
| 038 |
|
|
|a SNKBUCL
|
| 040 |
|
|
|a SNKBUCL
|b slo
|c SNKBUCL
|e AACR2
|
| 041 |
|
|
|a slo
|
| 044 |
|
|
|a xo
|c SK
|
| 080 |
|
|
|a 658.114-051
|2 1997
|
| 080 |
|
|
|a 343.126
|2 1997
|
| 100 |
1 |
|
|a Šutková, Veronika
|4 aut
|9 1041111
|
| 245 |
1 |
0 |
|a Majský: Proces je politická objednávka
|c Veronika Šutková
|
| 300 |
|
|
|b Fotogr.
|
| 600 |
1 |
7 |
|a Majský, Jozef,
|d 1946-2024
|2 snkbucl
|9 245190
|
| 650 |
0 |
7 |
|a súdne procesy
|2 snkbucl
|9 29433
|
| 773 |
0 |
|
|t Sme. Práca
|g Roč. 15, č. 96 (26.4.2007), s. 4
|x 1335-440X
|
| 852 |
|
|
|a SNK
|b KIS3GCP
|
| 958 |
|
|
|a BX
|
| 999 |
|
|
|c 2255002
|d 2256932
|